Logo BPK

Biblioteka

Politechniki Koszalińskiej

Psychology / (Rekord nr 47641)

Szczegóły MARC
000 -ETYKIETA REKORDU
podpole kontrolne o stałej długości 00585nam a2200217 i 4500
001 - NUMER KONTROLNY REKORDU
pole kontrolne bgj
020 ## - MIĘDZYNARODOWY ZNORMALIZOWANY NUMER KSIĄŻKI - ISBN
ISBN 0314624791
040 ## - ŹRÓDŁO KATALOGOWANIA
Instytucja, która utworzyła rekord BPK
041 0# - KOD JĘZYKA
Kod języka tekstu eng
920 ## - Międzynarodowy znormalizowany numer książki – ISBN
ISBN 0-314-62479-1
008 - POLE O STAŁEJ DŁUGOŚCI - DANE KONTROLNE
podpole kontrolne o stałej długości s uk f |000 0 eng
100 1# - NAZWA OSOBOWA
Nazwa osobowa DWORETZKY, John P.
245 10 - TYTUŁ/ODPOWIEDZIALNOŚĆ
Tytuł Psychology /
Pozostałe elementy strefy tytułu i oznaczenia odpowiedzialności John P. Dworetzky.
250 ## - STREFA WYDANIA
Oznaczenie wydania 3rd edition.
260 ## - STREFA ADRESU WYDAWNICZEGO
Miejsce wydania St. Paul [etc.] :
Nazwa wydawcy/dystrybutora West Publishing Company,
Data publikacji, dystrybucji/powstania dokumentu c. 1988.
300 ## - STREFA OPISU FIZYCZNEGO
Objętość XXV, 672, G-20, R-26, I-1 :
Inne cechy fizyczne ill. ;
Rozmiary 26 cm.
504 ## - UWAGA DOTYCZĄCA BIBLIOGRAFII
Informacje o bibliografii Bibliography R-1 - R-26.
505 ## - SFORMALIZOWANA UWAGA DOTYCZĄCA ZAWARTOŚCI
Pełny tekst uwagi Includes indexes.
650 #9 - HASŁO PRZEDMIOTOWE W FORMIE NAZWY OGÓLNEJ LUB JEDNOSTKOWEJ
Nazwa ogólna lub geograficzna Psychology
856 ## - LOKALIZACJA I DOSTĘP DO ELEKTRONICZNYCH DOKUMENTÓW ZDALNYCH
Link (URL) http://koha.tu.koszalin.pl/cgi-bin/koha/opac-detail.pl?biblionumber=47641
Tekst linku Katalog online BPK
942 ## - DODATKOWE ELEMENTY (KOHA)
Typ dokumentu Książka
Egzemplarze
Wycofany Status egzemplarza Uszkodzony Dostępność Lokalizacja stała Lokalizacja bieżąca Miejsce przechowywania Sygnatura Kod kreskowy Typ dokumentu
      Dostępny Biblioteka Politechniki Koszalińskiej Biblioteka Politechniki Koszalińskiej Wypożyczalnia Językowa KA 4065 09014473 Książka
      Dostępny Biblioteka Politechniki Koszalińskiej Biblioteka Politechniki Koszalińskiej Wypożyczalnia Językowa KA 4066 09014442 Książka
      Dostępny Biblioteka Politechniki Koszalińskiej Biblioteka Politechniki Koszalińskiej Wypożyczalnia Językowa KA 4067 09014466 Książka
      Dostępny Biblioteka Politechniki Koszalińskiej Biblioteka Politechniki Koszalińskiej Wypożyczalnia Językowa KA 4068 09014459 Książka
      Dostępny Biblioteka Politechniki Koszalińskiej Biblioteka Politechniki Koszalińskiej Wypożyczalnia Językowa KA 4069 09088993 Książka
© 2023 Biblioteka Politechniki Koszalińskiej :: KOHA